First choice: Workbook A / Workbook A

Salvato in:
Dettagli Bibliografici
Autore principale: Wilson,Ken
Natura: Libro
Lingua:English
Pubblicazione: Oxford : New York. 2007
Soggetti:
Tags: Aggiungi Tag
Nessun Tag, puoi essere il primo ad aggiungerne! !
Thư viện lưu trữ: Mạng thư viện Đại học Đà Nẵng
LEADER 00893nam a22002771a 4500
001 000038146
003 14441
005 20220907095203.0
008 160412s2007 000
020 |a 9780194302647 
041 |a eng 
082 |a 428  |b WI-K 
100 |a Wilson,Ken 
245 0 |a First choice: Workbook A /  |c Ken Wilson & Tim & Davies  |n Workbook A 
260 |c 2007  |a Oxford :  |b New York. 
300 |a 38tr. :  |b ill. ;  |c 30 cm. 
653 0 |a First choice 
OWN |a LNN 
AVA |a UDN50  |b LNN  |c English  |d 428WI-K  |e available  |t Error 5001 Not defined in file expand_doc_bib_avail.  |f 1  |g 0  |h N  |i 0  |j AN 
999 |a From the UDN01 
AVA |a UDN50  |b LNN  |c English  |d 428WI-K  |e available  |t Error 5001 Not defined in file expand_doc_bib_avail.  |f 1  |g 0  |h N  |i 0  |j AN 
TYP |a Monograph 
980 |a Mạng thư viện Đại học Đà Nẵng